| 000 -LEADER |
| fixed length control field |
00703nam a22001337a 4500 |
| 040 ## - CATALOGING SOURCE |
| Transcribing agency |
RUA |
| 082 ## - DEWEY DECIMAL CLASSIFICATION NUMBER |
| Classification number |
VEM THO 2021 B1-530 Or. |
| 100 ## - MAIN ENTRY--AUTHOR NAME |
| Personal name |
THORN BUNTHAI,ថន ប៊ុនថៃ |
| 245 ## - TITLE STATEMENT |
| Title |
ANTIMICROBIAL RESISTANCE OF SALMONELLA SPP. ON THREE BLOOD CHICKEN AT ANG SNOUL DISTRICT,KANDAL PROVINCE,ករណី SALMONELLA SPP. ស៊ាំនឹងឱសថអង់ទីប៊ីយ៉ូទិកលើមាន់សាច់នៅស្រុកអង្គស្នួល ខេត្តកណ្តាល |
| 260 ## - PUBLICATION, DISTRIBUTION, ETC. (IMPRINT) |
| Place of publication |
phnom penh |
| Name of publisher |
rua |
| Year of publication |
2021 |
| 300 ## - PHYSICAL DESCRIPTION |
| Number of Pages |
ix.33p. |
| Other physical details |
ill. |
| Dimensions |
29cm. |
| 856 ## - ELECTRONIC LOCATION AND ACCESS |
| Uniform Resource Identifier |
https://drive.google.com/file/d/1y_kKTcYpZve6PhrUNrcbTbuYSEt40iff/view?usp=sharing |
| 942 ## - ADDED ENTRY ELEMENTS (KOHA) |
| Koha item type |
VEM |
| 952 ## - LOCATION AND ITEM INFORMATION (KOHA) |
| Withdrawn status [LOCAL, KOHA] |
0 |
| 952 ## - LOCATION AND ITEM INFORMATION (KOHA) |
| Withdrawn status [LOCAL, KOHA] |
0 |
| 952 ## - LOCATION AND ITEM INFORMATION (KOHA) |
| Withdrawn status [LOCAL, KOHA] |
0 |
| 952 ## - LOCATION AND ITEM INFORMATION (KOHA) |
| Withdrawn status [LOCAL, KOHA] |
0 |